|
|
|
|
| LEADER |
00000nam a2200000 a 4500 |
| 001 |
vtls008401851 |
| 003 |
SK-MaSNL |
| 005 |
20260301103751.0 |
| 008 |
251124s1937 xo slo |
| 015 |
|
|
|a SKSNBA19191938-012982
|
| 035 |
|
|
|a SK01SNKBSKHR20020094068
|
| 035 |
|
|
|a SKM000096531
|
| 040 |
|
|
|a SNK
|b slo
|c SNK
|e AACR2
|
| 041 |
1 |
|
|a slo
|
| 044 |
|
|
|a xo
|
| 080 |
|
|
|a 885.4
|2 1981
|
| 100 |
1 |
|
|a Tajovský, Jozef Gregor,
|d 1874-1940
|4 aut
|9 37212
|
| 245 |
1 |
0 |
|a Smrť Ďurka Langsfelda
|b dráma v troch dejstvách
|c Jozef Tajovský-Gregor ; pre ochotnícke javisko uprav. Ján K. Garaj
|
| 250 |
|
|
|a [2. vyd.]
|
| 260 |
|
|
|a Martin
|b Matica slovenská
|c 1937
|e Martin
|f Kníhtlačiarsky účastinársky spolok
|
| 300 |
|
|
|a 85, [2] s.
|c 8°
|
| 490 |
0 |
|
|a Čítanie pre meštianske školy
|v zv. 12
|
| 500 |
|
|
|a Portrét autora
|
| 655 |
|
7 |
|a slovenské drámy
|2 SNKPH
|9 70606
|
| 700 |
1 |
|
|a Garaj, Ján Karol,
|d 1903-1973
|4 oth
|9 120481
|
| 830 |
|
0 |
|a Čítanie pre meštianske školy
|9 308900
|
| 852 |
|
|
|a Slovenská národná knižnica v Martine
|b 10000
|h MS SD 3801/12
|
| 852 |
|
|
|a Univerzitná knižnica v Bratislave
|b 300000
|h SF 2417
|
| 958 |
|
|
|a OND
|
| 958 |
|
|
|a RK
|
| 958 |
|
|
|a TL
|
| 999 |
|
|
|c 696232
|d 698162
|
| 952 |
|
|
|a SNK
|b SNK
|y VYP
|7 0
|p 17A0536922
|o snkSD 3801/12 D2
|i snkF 443/64
|8 5
|3 rekatalogizáca
|0 0
|1 0
|4 0
|d 2007-02-02
|l 0
|r 2026-02-23 20:42:09
|w 2026-02-23
|
| 952 |
|
|
|a SNK
|b SNK
|y VYP
|7 0
|p 17A0462287
|o snkSD 3801/12 D1
|i snkF 5579/62
|0 0
|1 0
|4 0
|d 2005-03-22
|l 0
|r 2026-02-23 20:42:09
|w 2026-02-23
|
| 952 |
|
|
|a SNKLM
|b SNKLM
|y NEVYP
|7 0
|o snklmMK 887
|i snklm488/78
|8 7
|0 0
|1 0
|4 0
|d 2007-02-02
|l 0
|r 2026-02-23 20:42:09
|w 2026-02-23
|